| 000 -LEADER |
| fixed length control field |
01013nam a2200241Ia 4500 |
| 001 - CONTROL NUMBER |
| control field |
16233 |
| 003 - CONTROL NUMBER IDENTIFIER |
| control field |
GE_BSU |
| 008 - FIXED-LENGTH DATA ELEMENTS--GENERAL INFORMATION |
| fixed length control field |
181216s||||||||xx |||||||||||||| ||und|| |
| 020 ## - INTERNATIONAL STANDARD BOOK NUMBER |
| International Standard Book Number |
ISBN 978-9941-13-223-0 |
| 040 ## - CATALOGING SOURCE |
| Transcribing agency |
GE_BSU |
| 080 ## - UNIVERSAL DECIMAL CLASSIFICATION NUMBER |
| Universal Decimal Classification number |
631.4(075.8):551.4 |
| 100 ## - MAIN ENTRY--PERSONAL NAME |
| Personal name |
ურუშაძე, თენგიზ,ვინფრიდ ბლუმი |
| 245 ## - TITLE STATEMENT |
| Title |
ნიადაგების გეოგრაფია ნიადაგმცოდნეობის საფუძვლებით |
| 245 ## - TITLE STATEMENT |
| Remainder of title |
სახელმძღვ. |
| 245 ## - TITLE STATEMENT |
| Statement of responsibility, etc. |
რედ. ლია მაჭავარიანი |
| 250 ## - EDITION STATEMENT |
| Edition statement |
ივ. ჯავახიშვილის სახ. თსუ. |
| 260 ## - PUBLICATION, DISTRIBUTION, ETC. |
| Place of publication, distribution, etc. |
თბილისი |
| 260 ## - PUBLICATION, DISTRIBUTION, ETC. |
| Name of publisher, distributor, etc. |
თბილ. უნ-ტის გამ-ბა, |
| 260 ## - PUBLICATION, DISTRIBUTION, ETC. |
| Date of publication, distribution, etc. |
2011 |
| 300 ## - PHYSICAL DESCRIPTION |
| Extent |
426 გვ. : ილ., ცხრ. ; 26 სმ.. - დანართი: გვ. 419-425. - ბიბლიოგრ.: გვ. 414-415. |
| 942 ## - ADDED ENTRY ELEMENTS (KOHA) |
| Koha item type |
წიგნი |